[Event "Lille op"]
[Site "Lille FRA"]
[Date "2011.04.28"]
[Round "5.9"]
[White "Piasetski, Leon"]
[Black "Gozzoli, Yannick"]
[Result "1/2-1/2"]
[WhiteElo "2299"]
[BlackElo "2543"]
[PlyCount "45"]
[GameId "2129405071530414"]
[EventDate "2011.04.25"]
[EventType "swiss"]
[EventRounds "9"]
[EventCountry "FRA"]
[SourceTitle "The Week in Chess 860"]
[Source "Mark Crowther"]
[SourceDate "2011.05.02"]
[SourceVersion "2"]
[SourceVersionDate "2011.05.03"]
[SourceQuality "2"]

1. Nf3 d5 2. d4 Nf6 3. c4 dxc4 4. e3 e6 5. Bxc4 a6 6. O-O c5 7. Bb3 b5 8. a4 b4 9. e4 cxd4 10. e5 Nfd7 11. Bg5 Be7 12. Bxe7 Qxe7 13. Qxd4 O-O 14. Nbd2 Nc5 15. Qxb4 Nc6 16. Qc3 Bb7 17. Rfc1 Nxb3 18. Nxb3 Nb4 19. Nc5 a5 20. Nxb7 Qxb7 21. Qc7 Qa6 22. Qc4 Qb7 23. Qc7 1/2-1/2

[Event "Lille op"]
[Site "Lille FRA"]
[Date "2011.04.29"]
[Round "6.10"]
[White "Burmakin, Vladimir"]
[Black "Piasetski, Leon"]
[Result "1-0"]
[WhiteElo "2594"]
[BlackElo "2299"]
[PlyCount "101"]
[GameId "2129405071530427"]
[EventDate "2011.04.25"]
[EventType "swiss"]
[EventRounds "9"]
[EventCountry "FRA"]
[SourceTitle "The Week in Chess 860"]
[Source "Mark Crowther"]
[SourceDate "2011.05.02"]
[SourceVersion "2"]
[SourceVersionDate "2011.05.03"]
[SourceQuality "2"]

1. Nf3 Nf6 2. c4 d6 3. d4 g6 4. g3 Bg7 5. Bg2 Bf5 6. Nc3 Qc8 7. Qb3 Nc6 8. d5 Nd8 9. O-O O-O 10. Re1 Ne4 11. Nh4 Nxc3 12. Nxf5 Qxf5 13. bxc3 b6 14. e4 Qd7 15. f4 Nb7 16. e5 Nc5 17. Qc2 Qa4 18. Qxa4 Nxa4 19. Bd2 Rad8 20. Rab1 e6 21. Re2 Nc5 22. Be3 exd5 23. cxd5 Rfe8 24. Bd4 Re7 25. Bxc5 bxc5 26. exd6 Red7 27. dxc7 Rxc7 28. c4 Bd4+ 29. Kf1 Rd6 30. Rb8+ Kg7 31. Bh3 h5 32. Ree8 f5 33. Bg2 Rcd7 34. Re6 Rxe6 35. dxe6 Re7 36. Bd5 Kf6 37. Kg2 Rg7 38. a4 Ke7 39. a5 Kd6 40. a6 Kc7 41. Rb5 Kd6 42. Kf3 Ke7 43. Rb8 Kf6 44. Rf8+ Ke7 45. Ra8 Kf6 46. Bb7 Re7 47. Rxa7 Rxe6 48. Bd5 Re3+ 49. Kg2 g5 50. Rf7+ Kg6 51. a7 1-0

[Event "Rohde op"]
[Site "Sautron FRA"]
[Date "2010.10.23"]
[Round "1"]
[White "Batteux, Mickael"]
[Black "Piasetski, Leon"]
[Result "1/2-1/2"]
[WhiteElo "2042"]
[BlackElo "2303"]
[PlyCount "106"]
[GameId "2129405074672317"]
[EventDate "2010.10.23"]
[EventType "swiss"]
[EventRounds "9"]
[EventCountry "FRA"]
[SourceTitle "EXT 2012"]
[Source "ChessBase"]
[SourceDate "2011.11.24"]
[SourceVersion "1"]
[SourceVersionDate "2011.11.24"]
[SourceQuality "1"]

1. d4 Nf6 {01h30} 2. Nf3 d6 3. Nc3 Bf5 {03""} 4. e3 {Une ligne solide mais un peu passive et g5 est plus prometteur} (4. Bg5 $142 Nbd7 5. Nh4) 4... Nbd7 {18""} 5. Bd3 Bg6 6. Bxg6 $146 ({RR} 6. O-O e5 7. e4 Be7 8. b3 O-O 9. dxe5 dxe5 10. Bb2 c6 11. Qe2 Nh5 12. g3 Bd6 13. Nd1 Qe7 14. Ne3 Rfe8 15. Nc4 Bc7 16. Ba3 Qf6 17. Nfd2 Qe6 18. Ne3 Nf8 19. Nf5 Rad8 20. Rad1 Qf6 {Seitz,J-Ahues,C/Bad Pyrmont 1933/EXT 2001/½-½}) 6... hxg6 $132 7. e4 e6 8. Qd3 c6 {23""} 9. Bd2 d5 10. O-O-O Bb4 11. exd5 cxd5 {32""} 12. Ne5 Bxc3 {39""} 13. Bxc3 Ne4 14. Nxd7 Qxd7 15. Be1 Rc8 16. f3 Nd6 {[%cal Gd6c4]} 17. Bg3 Nf5 18. Kb1 Rc4 19. Be5 f6 {60""} 20. b3 Rc6 21. Bf4 Kf7 $1 {[%cal Gh8c8]} 22. Rc1 Rhc8 $36 23. c3 a6 (23... g5 $15) 24. h4 Rh8 25. g3 b5 26. Kb2 Qb7 27. g4 Ne7 28. h5 gxh5 29. Rxh5 Rxh5 30. gxh5 Nf5 31. h6 g5 32. h7 (32. Bd2) 32... Rc8 33. Bd2 (33. Rh1) 33... Rh8 34. f4 g4 35. Qe2 g3 {[%csl Gg3]} 36. Rh1 Ke7 37. Qg4 Kd6 38. Qg8 Qg7 39. Qxg7 Nxg7 40. Be1 Nf5 41. Rg1 Rxh7 42. Bxg3 Rh3 43. Be1 Rh2+ 44. Kb1 Re2 $17 45. Rh1 Ke7 46. c4 $6 dxc4 47. bxc4 bxc4 48. Bb4+ Kd7 49. Rh7+ Kc6 50. Rf7 Ne3 51. f5 Nd5 52. fxe6 Nxb4 53. Rxf6 c3 1/2-1/2

[Event "Rohde op"]
[Site "Sautron FRA"]
[Date "2010.10.25"]
[Round "3"]
[White "Ivanov, Jordan"]
[Black "Piasetski, Leon"]
[Result "1-0"]
[Annotator "Primel,D"]
[WhiteElo "2437"]
[BlackElo "2303"]
[PlyCount "97"]
[GameId "2129405074672397"]
[EventDate "2010.10.23"]
[EventType "swiss"]
[EventRounds "9"]
[EventCountry "FRA"]
[SourceTitle "EXT 2012"]
[Source "ChessBase"]
[SourceDate "2011.11.24"]
[SourceVersion "1"]
[SourceVersionDate "2011.11.24"]
[SourceQuality "1"]

1. d4 Nf6 2. c4 c5 3. d5 e5 4. Nc3 Bd6 {une ligne secondaire assez douteuse qui ressemble un peu à la variante du serpent de la Benoni} 5. e4 (5. Nb5 Bc7 6. Nxc7+ Qxc7 7. f3 d6 8. e4 {½-½ Radjabov,T (2729)-Carlsen,M (2690) Amber-rapid 16th Monte Carlo 2007 (7)}) 5... Bc7 {Cette manoueuvre pour ranimer le mauvais  prend du temps} 6. Bd3 d6 (6... Ba5 7. Nge2 d6 8. O-O $32) 7. a3 Nbd7 8. Nge2 h5 {[%cal Gf6g4,Gd8h4] très ambitieux} (8... O-O) 9. h4 {09 mns Le Bulgare a joué rapidement l'ouverture malgré le fait qu'il ne s'agissait pas d'une préparation car d6 ne semblait pas être au répertoire de son adversaire.} Ng4 {09"" Les Noirs jouent également trés rapidement l'ouverture mais ce plan d'attaque à l'aile-roi ne semble pas trés sain.} (9... Nf8 $5 {[%cal Gf8g6,Gg6f4]}) 10. f3 (10. Bg5 $5 f6 11. Bd2 {[%csl Rg6]}) 10... Nh6 11. Be3 {09""} f6 $5 {12""} 12. Kd2 $1 {20"" Après avoir joué h4, le oo des Blancs est assez risqué mais par contre le  blanc est en sécurité au centre.} (12. Ng3 $5 {[%csl Rh5]} g6 $13 13. Qd2 Nf7 14. O-O-O) 12... a6 {13""} 13. Kc2 Ba5 14. Rb1 $1 {[%cal Gb2b4]} Qc7 15. b4 {27"" un peu prématuré} (15. Ng3 g6 16. Qd2 Nf7) (15. Qd2 {[%cal Ge2g3]} b5 16. Ng3 b4 $1) 15... Bb6 {38""} 16. Qg1 cxb4 $1 17. axb4 Bxe3 $11 {Cet échange du mauvais  soulage la défense du canadien} 18. Qxe3 O-O 19. Ng3 {[%csl Rh5] 31""} b5 $1 {[%csl Rc2][%cal Gc7c2] 54""} 20. cxb5 f5 21. Nge2 $2 (21. Nxh5 $142 fxe4 22. Qxe4 Nf6 23. Nxf6+ Rxf6 24. Qh7+ Kf7 25. b6 Qxb6 26. g4 {[%csl Gf5][%cal Gg4g5]} (26. Ne4 {[%cal Gc2d2]} Bf5 27. Ng5+ Ke8 $13)) 21... fxe4 (21... axb5 $1 $132 {[%csl Ga8,Rc2][%cal Ga8a2,Gc7c2,Gf5e4]}) 22. Qxe4 Nf6 $1 $132 {la variante 21.h5 evitait cette menace f6 car les Blancs pouvaient échanger le  alors que dans la partie, les Noirs ont réussi à activet toutes les pièces et le  blanc commence à être exposé.} 23. Qc4 Qa7 {Et non pas b7 saisi sur le bulletin} (23... Qxc4 24. Bxc4 Bf5+ $13) 24. bxa6 Nf5 $36 {[%cal Gf5e3,Ge3c2,Ge3c4]} 25. Kb3 Bd7 (25... Bxa6 26. Qxa6 Qxa6 27. Bxa6 Rxa6 28. b5 Rb6 29. Ra1 {[%csl Ga1,Gb5][%cal Ga1a6,Gh1b1] Les Noirs ont peut-être hésité à rentrer dans cette finale car le  passé "b5" est trés fort}) 26. b5 Nd4+ $2 (26... Rfb8 $142 $1 {[%cal Gb8b3,Ga7a6] Il semble plus logique de mobilier la dernière pièce lourde car le  blanc est mal placé et les échanges favorisent la défense} 27. Ka3 (27. Kc2 Ne3+) 27... Ne3 $40 {Pour un ordinateur, la position blanche est facile à défendre mais devant l'échiquier c'est une autre histoire.}) 27. Nxd4 $1 {Elimine une pièce dangereuse} exd4 28. Qb4 $5 {[%cal Gb5b6]} (28. b6 $3 {l'idée du sacrifice est de forcer l'échange des  et de rentrer dans une finale favorable aux Blancs qui ont un  passé "a" trés dangereux} Qxb6+ 29. Kc2 Qc5 (29... Qa7 30. Rb7) 30. Qxc5 dxc5 31. Ne4 Nxd5 32. Kd2 $1 {[%csl Gd3][%cal Ge4c5,Gd3a6,Gd3c4,Gc4g8,Gb1b7]}) 28... dxc3 29. b6 $1 {[%csl Ga6,Gb6,Gd3]} Qb8 30. Rhe1 $1 (30. b7 Ra7 {[%csl Ra7]}) 30... Rf7 $4 (30... Nxd5 $8 31. Bc4 Bc6 32. Red1 (32. b7 Rxa6 $1) 32... Rf5 33. Kc2 Kh8 34. Bxd5 Bxd5 35. Qa4 $13 (35. a7 Qb7)) 31. b7 $18 Ra7 {[%csl Ra7]} 32. Qc4 (32. Kc2 Nxd5 33. Qd4 {[%csl Ra7,Rd5][%cal Gd3c4,Gc4f7]}) 32... Be8 33. Kc2 Rfxb7 34. axb7 Rxb7 35. Rxb7 Qxb7 36. Rb1 Qa7 37. Kxc3 Qa3+ 38. Kd2 (38. Rb3 Qc1+) 38... Qa8 39. Be4 Nxe4+ 40. fxe4 Bg6 41. Ke3 Kh7 42. Qd4 Qc8 43. g3 Qh3 44. Rg1 Qh2 45. Kf3 {[%cal Gd4g1]} Qc2 46. Re1 Qh2 47. e5 Bf5 48. exd6 Bg4+ 49. Kf4 1-0

[Event "Rohde op"]
[Site "Sautron FRA"]
[Date "2010.10.25"]
[Round "4"]
[White "Piasetski, Leon"]
[Black "Purenne, Benoit"]
[Result "1-0"]
[Annotator "Primel,D"]
[WhiteElo "2303"]
[BlackElo "1934"]
[PlyCount "33"]
[GameId "2129405074717504"]
[EventDate "2010.10.23"]
[EventType "swiss"]
[EventRounds "9"]
[EventCountry "FRA"]
[SourceTitle "EXT 2012"]
[Source "ChessBase"]
[SourceDate "2011.11.24"]
[SourceVersion "1"]
[SourceVersionDate "2011.11.24"]
[SourceQuality "1"]

1. Nf3 Nf6 2. c4 e6 3. g3 d5 4. Bg2 Be7 5. O-O O-O 6. d4 dxc4 7. Na3 {[%cal Ga3c4]} (7. Qc2) (7. Ne5) 7... c5 (7... Bxa3 $142 {La ligne critique qui donne la paire de  mais au détriment d'un affaiblissement de la structure}) 8. Nxc4 $16 {[%csl Gc4] récupère le  dans des bonnes conditions} Nc6 9. dxc5 $1 Bxc5 10. a3 {[%cal Gb2b4]} a6 (10... a5 {[%csl Gb4]} 11. Qc2 {[%cal Gc2c6,Gf1d1]}) 11. b4 $36 Ba7 $6 {La position noire est trés passive} (11... Be7 $142) 12. Bb2 Qe7 13. Qd6 $1 {Profitant du fait que les noirs n'ont pas joué 11. e7 et ils vont avoir du mal à terminer le développement} (13. Nfe5) (13. Qc2) 13... Qxd6 14. Nxd6 {[%csl Rb7,Rc8,Gd6]} Rd8 15. Rfd1 Bxf2+ $2 {Donne la paire de  mais le retard de développement des Noirs entraine un risque de mat du couloir sur la colonne "d"} (15... Nd5 {[%csl Rd6][%cal Gd8d6]} 16. Ne4 {[%cal Ge4c5]}) 16. Kxf2 Rxd6 17. Ne5 $1 $146 {[%csl Gd1][%cal Gg2c6,Gd1d8]} ({RR} 17. Bxf6 Rxd1 18. Rxd1 gxf6 19. Nd4 Bd7 20. Nb3 Be8 21. Nc5 Rb8 22. Nd7 Bxd7 23. Rxd7 a5 24. b5 Ne5 25. Rxb7 Rxb7 26. Bxb7 Nc4 27. Be4 h6 28. Bd3 Nb6 29. Ke3 e5 30. Ke4 Kf8 31. Bb1 Ke7 {Minzer,C (2430)-Gavin Roche,E (2261)/Aragon 2005/EXT 2006/½-½ (56)}) 1-0

[Event "Rohde op"]
[Site "Sautron FRA"]
[Date "2010.10.26"]
[Round "5"]
[White "Picard, Remi"]
[Black "Piasetski, Leon"]
[Result "1/2-1/2"]
[Annotator "Primel,D"]
[WhiteElo "2081"]
[BlackElo "2303"]
[PlyCount "53"]
[GameId "2129405074717542"]
[EventDate "2010.10.23"]
[EventType "swiss"]
[EventRounds "9"]
[EventCountry "FRA"]
[SourceTitle "EXT 2012"]
[Source "ChessBase"]
[SourceDate "2011.11.24"]
[SourceVersion "1"]
[SourceVersionDate "2011.11.24"]
[SourceQuality "1"]

1. e4 g6 {01h30+30s} 2. d4 Bg7 3. Nc3 d6 4. Be3 a6 5. Qd2 Nd7 (5... b5 6. f3 (6. h4 $5)) 6. O-O-O b5 {03""} 7. h4 $5 Bb7 {16""} (7... h5 {la ligne principale mais après 15 mns de réflexion le canadien préfère jouer l'alternative b7}) 8. f3 h5 9. Nh3 {[%csl Gg5]} Rc8 10. Ng5 {08""} Nh6 {23""} (10... c5 {Un ordre de coups plus courant} 11. Kb1 cxd4 12. Bxd4 {½-½ Drabke,L (2386)-Shengelia,D (2490) NRW Liga 0607 Germany 2006 (4.2)}) 11. Ne2 $146 ({RR} 11. d5 c5 12. dxc6 Bxc6 13. Bd4 Nf6 14. Bd3 e5 15. Be3 Qc7 16. Kb1 Nhg8 17. Bf1 Rd8 18. Qf2 Qb7 19. Bb6 Rb8 20. Ba7 Ra8 21. Be3 Qc7 22. Bb6 Qb8 23. Nd5 Bxd5 24. exd5 Ne7 25. c4 Nd7 {Helm,L (2120)-Paehtz,E (2340)/Dresden 2000/CBM 077 ext/½-½ (45)}) (11. e5 $5 dxe5 12. dxe5 Nxe5 13. Qf2 {[%cal Gd1d8,Ge3c5]} Nd7 14. Bd4 e5 15. Bc5 {[%csl Re8]} Nf5 16. Nce4 $44 {[%csl Re8]}) 11... c5 12. Kb1 {25"" Les deux joueurs sont maintenant sortis de leur préparation} cxd4 {38""} 13. Bxd4 (13. Nxd4) 13... Nf6 14. g3 {[%cal Gf1h3]} O-O 15. Bh3 $16 {45""} Qc7 $5 {60""} 16. Bc3 (16. Bxc8 Rxc8 {Le MI aurait eu la paire de  et la colonne "c" en compensation mais sur un jeu précis des Blancs, ils pouvaient valoriser le matériel}) 16... Rb8 17. Nf4 {[%csl Gd5]} Bc8 18. Nd5 $6 (18. Bg2 $5 {Les Noirs manquent un peu d'espace} Bd7 {[%cal Gf8c8]} 19. Rhe1 {[%cal Ge4e5]} Rfc8 20. e5 $36) 18... Nxd5 19. Bxg7 Kxg7 20. Qxd5 Bxh3 21. Rxh3 Rfc8 22. Rh2 Qc4 $132 23. Rhd2 Qxd5 24. Rxd5 f6 25. Ne6+ Kf7 26. Nf4 Rb7 27. R5d3 {Le h6 reste hors-jeu et le MI n'insiste pas.} 1/2-1/2

[Event "Rohde op"]
[Site "Sautron FRA"]
[Date "2010.10.27"]
[Round "6"]
[White "Piasetski, Leon"]
[Black "Auvray, Simon"]
[Result "1-0"]
[Annotator "Primel,D"]
[WhiteElo "2303"]
[BlackElo "2019"]
[PlyCount "39"]
[GameId "2129405074721672"]
[EventDate "2010.10.23"]
[EventType "swiss"]
[EventRounds "9"]
[EventCountry "FRA"]
[SourceTitle "EXT 2012"]
[Source "ChessBase"]
[SourceDate "2011.11.24"]
[SourceVersion "1"]
[SourceVersionDate "2011.11.24"]
[SourceQuality "1"]

1. Nf3 {01h30+30s} c5 2. c4 e6 3. g3 Nf6 4. Bg2 d5 5. O-O {01""} Nc6 {06""} 6. cxd5 exd5 7. d4 h6 $6 {C'est non seulement une perte de temps mais aussi un affaiblissement de l'aile-roi} (7... Be7 $142 {La grande ligne de la défense Tarrasch}) 8. Nc3 {11""} Be6 {17""} 9. Be3 {[%csl Rc5]} (9. b3 Be7 10. Bb2 O-O 11. Rc1 Rc8 12. dxc5 Bxc5 13. Na4 $16 {1-0 Andersson,U (2640)-Handoko,E (2420) Indonesia 1983 (6)}) 9... c4 10. Ne5 {20""} Be7 $146 {très passif} (10... Bd6 11. Nxc4 Bc7 12. Rc1 dxc4 13. d5 Nxd5 14. Nxd5 O-O 15. Rxc4 Be5 16. b3 Re8 17. Bc5 Rc8 18. f4 Bb8 19. Rc1 Qd7 20. Ba3 Rcd8 21. Ne3 Qc7 22. Qc2 Qa5 23. Qc5 Qa6 24. Rcd1 Rxd1 25. Nxd1 Qxe2 26. Bb2 {Dus Chotimirsky,F-Chajes,O/Karlsbad 1911/HCL/0-1 (50)}) (10... Bb4 $142 11. f4 Bxc3 12. bxc3 Bf5 13. Qc1 Qe7 14. h3 h5 15. Qb2 O-O 16. Kh2 Rfd8 17. Bf3 Rac8 18. Rg1 Rc7 19. Rg2 Qe6 20. g4 hxg4 21. hxg4 Nxe5 22. fxe5 Nxg4+ 23. Bxg4 Bxg4 24. Bg5 Rdd7 25. Rag1 Bf5 {Rotlewi,G-Suechting,H/Karlsbad 1911/HCL/1-0 (31)}) 11. Nxc4 $1 dxc4 12. d5 {[%csl Gd5]} Nxd5 13. Nxd5 O-O 14. Rc1 $36 Bf6 15. Rxc4 Bxb2 16. Qd2 Bf6 17. Rb1 $36 {[%csl Rb7]} Rb8 18. Ra4 b5 $6 19. Nxf6+ Qxf6 $2 (19... gxf6 $8 20. Ra6 Qxd2 21. Bxd2 Rfd8) 20. Bf4 1-0

[Event "Rohde op"]
[Site "Sautron FRA"]
[Date "2010.10.28"]
[Round "7"]
[White "Caroff, Frederic"]
[Black "Piasetski, Leon"]
[Result "0-1"]
[Annotator "Primel,D"]
[WhiteElo "2107"]
[BlackElo "2303"]
[PlyCount "68"]
[GameId "2129405074721683"]
[EventDate "2010.10.23"]
[EventType "swiss"]
[EventRounds "9"]
[EventCountry "FRA"]
[SourceTitle "EXT 2012"]
[Source "ChessBase"]
[SourceDate "2011.11.24"]
[SourceVersion "1"]
[SourceVersionDate "2011.11.24"]
[SourceQuality "1"]

1. e4 g6 2. d4 Bg7 3. Nc3 d6 4. Be3 a6 (4... Nf6) (4... c6) 5. Qd2 Nd7 6. Nf3 b5 7. Bd3 (7. a4 b4 8. Ne2 c5 9. Ng3 Bb7 10. Bd3) 7... Bb7 8. a4 b4 9. Ne2 c5 10. c3 bxc3 11. bxc3 Qa5 $6 $146 {Dans beaucoup de variantes tactiques, la a5 sera hors-jeu pour défendre l'aile-roi et le centre} ({RR} 11... cxd4 12. cxd4 Nc5 {RR} 13. dxc5 Bxa1 14. c6 Bxc6 15. Qc1 Qa5+ 16. Bd2 Qxa4 17. Bc2 Qa2 18. Bb3 Qxb3 19. Qxc6+ Kf8 20. Qxa8+ Kg7 21. O-O Qa3 22. h3 h5 23. Qb7 Nf6 24. Bb4 Qa4 25. Nc3 Bxc3 26. Bxc3 e5 27. Ng5 Qc4 {Jimenez Fraga,P (2292)-Siebrecht,S (2464)/Havana 2007/CBM 118 ext/1-0 (36)}) (11... Ngf6 12. Ng3 Qc7 13. h3 O-O 14. O-O Rfe8 {0-1 Gopal,G (2327)-Nyback,T (2563) Wch U20 Istanbul 2005 (1)} (14... Rab8 $5)) 12. O-O Ngf6 13. e5 (13. Ng3 O-O) (13. d5 {[%csl Rb7]}) 13... dxe5 14. dxe5 Ng4 15. e6 $1 fxe6 16. Bc4 $2 (16. Ng5) (16. Rad1 $1 {[%cal Gd2d7,Gd3g6]} Rd8 17. Nf4 $36 {[%csl Ra5,Re6,Re8]} Bxc3 18. Qc2 {[%cal Gd3g6]} Nde5 19. Nxe5 Nxe5 20. Nxe6) 16... Bxf3 17. gxf3 Nde5 18. Qa2 Nxe3 (18... Nxf3+ 19. Kh1 Nfxh2 $17) 19. fxe3 Nxc4 20. Qxc4 O-O 21. Qxe6+ Kh8 22. Rad1 Qxa4 {[%csl Ga6][%cal Ga6a1]} 23. Rd5 Qc4 $1 {[%cal Gc4e6,Gc4e2]} 24. Nf4 {[%cal Gf4g6,Gd5h5,Ge6c4,Gh5h8]} Qxc3 25. Nxg6+ $2 {la position était difficile et Frédéric lance une attaque désespérée qui va faire long-feu} hxg6 26. Qxg6 Qxe3+ 27. Kg2 e5 28. f4 Rxf4 29. Rxf4 Qxf4 30. Rd3 Rg8 31. Rg3 e4 32. h4 Qxg3+ 33. Qxg3 Bd4 34. Qxg8+ Kxg8 0-1

[Event "Rohde op"]
[Site "Sautron FRA"]
[Date "2010.10.30"]
[Round "9"]
[White "Auvray, Juliette"]
[Black "Piasetski, Leon"]
[Result "0-1"]
[Annotator "Primel,D"]
[WhiteElo "2002"]
[BlackElo "2303"]
[PlyCount "84"]
[GameId "2129405074721752"]
[EventDate "2010.10.23"]
[EventType "swiss"]
[EventRounds "9"]
[EventCountry "FRA"]
[SourceTitle "EXT 2012"]
[Source "ChessBase"]
[SourceDate "2011.11.24"]
[SourceVersion "1"]
[SourceVersionDate "2011.11.24"]
[SourceQuality "1"]

1. e4 g6 {01h30+30s} 2. d4 Bg7 3. Nc3 d6 4. Be3 a6 5. Qd2 Nd7 6. h4 h5 7. Nh3 b5 8. Ng5 $1 Bb7 ({RR} 8... Nb6 9. a4 b4 10. Nd1 a5 11. b3 Nf6 12. f3 O-O 13. Nf2 c5 14. O-O-O Qc7 15. Kb1 Bd7) 9. f3 ({RR} 9. O-O-O Ngf6 10. f3 O-O 11. g4 e5 12. d5 Nb6 13. Bd3 Rc8 14. Ne2 c5 15. dxc6 Rxc6 16. Ng3) 9... c6 (9... Ngf6) (9... c5 10. a4 b4 11. Nd1 Qa5 12. Bc4 Nh6 13. dxc5 Nxc5 14. Bd4 O-O 15. g4 Rac8 16. Bxg7 Kxg7 17. Bd5 Bxd5 18. exd5 f6 19. Qd4 hxg4 20. fxg4 Kg8 21. Nh3 e5 22. dxe6 Nxe6 23. Qe3 Qe5 24. Qxe5 fxe5 {Brongers,H (2062)-Goldenberg,R (2356)/Belfort 2010/Mega2010 Update 38/½-½ (34)}) 10. a4 {10""} Ngf6 {16""} 11. f4 (11. Be2) (11. Bd3 {RR} O-O 12. O-O e5 13. axb5 ({RR} 13. Ne2 exd4 14. Nxd4 c5 15. Nde6 fxe6 16. Nxe6 Qb6 17. Nxf8 Rxf8) 13... exd4 ({RR} 13... axb5 14. Rxa8 Bxa8 15. Ne2 exd4 16. Bxd4 Ne5) 14. Bxd4 axb5 15. Rxa8 Qxa8 16. Ne2 Qb8 17. Bf2 Ne5 18. Nd4 d5 19. b4 ({RR} 19. Bg3 dxe4 20. fxe4 Nc4 21. Qf2 Ng4) 19... c5 ({RR} 19... dxe4 20. Nxe4 Nxe4 21. Bxe4 f5 22. Bd3 Qd6 23. Nb3 Nxd3 24. Nc5 Bc8 25. cxd3 Be6) 20. bxc5 dxe4 21. Bxe4 Bxe4 22. Nxe4 Nxe4 23. fxe4 Ng4 24. Nf3 Rd8 25. Qe2 Bf8 26. e5 {Timofeev,A (2661)-Hillarp Persson,T (2511)/Gothenburg 2005/CBM 109/[Finkel,A]/0-1 (48)} ({RR} 26. c6)) 11... b4 $146 (11... Ng4 {½-½ Hernandez Carmenates,H (2413)-Hernandez Onna,R (2403) Capablanca Memorial Premier II 38th Havana 2003 (3)}) 12. Nd1 {18""} c5 {29""} 13. Bc4 {[%csl Rf7]} d5 14. Ba2 {29""} e6 $6 {41"" Passif} (14... Nxe4 $132) 15. f5 $1 {39""} gxf5 {54""} 16. exf5 Qe7 {[%cal Ge7e6,Ge8c8]} 17. fxe6 $36 fxe6 18. dxc5 O-O-O (18... Nxc5 $142 {Plus naturel car le  noir semble assez exposé à l'aile-dame}) 19. O-O {59""} Rdf8 {01h03} 20. c6 (20. Nf2 $142 $1 {[%csl Rb4,Gg4][%cal Gd2b4] force les Noirs à jouer a6a5 pour perdre un tempo et affaiblir la case b5} a5 {[%csl Rb5]} 21. c3 $40) (20. Qxb4 Ng4 $13 {[%cal Gg4e3]}) 20... Bxc6 21. Qe2 Ng4 $132 22. Qxa6+ Kc7 (22... Bb7 23. Qxe6) 23. Qa7+ Bb7 24. Bf4+ Rxf4 $1 25. Qa5+ {01h21} (25. Rxf4 Ra8 {[%csl Ra7]}) 25... Kc8 $6 {01h19} (25... Kb8 $142) 26. Rxf4 Rf8 {(=) Le MI a du s'apercevoir de son erreur du coup précédent} 27. Qxb4 Rxf4 28. Qxf4 {Il ne semble pas y avoir d'erreur de saisie et la e7 était normalement en prise.} Be5 29. Qf7 Qc5+ 30. Kh1 Bc6 31. Qe8+ Kb7 32. Nxe6 Nf2+ 33. Nxf2 Qxf2 34. Nd8+ $6 $138 (34. Qxh5 {[%csl Rh4]} Qg3 35. Kg1 Qh2+ 36. Kf2 Bg3+ 37. Ke3 Qxg2 38. Qe2 Qe4+ 39. Kd2 Qb4+ 40. Kd1) 34... Kc7 35. Ne6+ Kd6 36. Qd8 Qg3 37. Kg1 Kxe6 38. Qe8+ Kd6 39. Qxh5 Qh2+ 40. Kf2 Bd4+ 41. Ke2 Qxg2+ 42. Kd3 Nc5+ 0-1

[Event "Metz op"]
[Site "Metz FRA"]
[Date "2010.04.13"]
[Round "1"]
[White "Piasetski, Leon"]
[Black "Eingorn, Vereslav"]
[Result "0-1"]
[WhiteElo "2320"]
[BlackElo "2560"]
[PlyCount "64"]
[GameId "2129405079481086"]
[EventDate "2010.04.10"]
[EventType "swiss"]
[EventRounds "9"]
[EventCountry "FRA"]
[SourceTitle "CBM 136 Extra"]
[Source "ChessBase"]
[SourceDate "2010.07.02"]
[SourceVersion "2"]
[SourceVersionDate "2010.07.15"]
[SourceQuality "1"]

1. Nf3 c5 2. e3 g6 3. d4 Bg7 4. c4 Nf6 5. Nc3 O-O 6. h3 {L'ouverture des Blancs n'est pas trés ambitieuse mais le canadien est trés solide} cxd4 7. exd4 ({RR} 7. Nxd4 Nc6 8. Be2 d6 9. O-O) 7... d5 $1 {[%csl Rd4]} 8. Be3 Nc6 9. c5 {Evite l'échange d4 avec pression sur le  isolé mais le plan des Blancs est très lent} Ne4 $11 10. Qb3 $146 ({RR} 10. Bb5 Qa5 11. Qa4 Nxc3 12. Qxa5 Nxa5 13. bxc3 b6 14. cxb6 axb6 15. Ke2 Ba6 16. Rhb1 Rfc8 17. Kd3 Nc4 18. a4 Nd6 19. Bxa6 Rxa6 20. Nd2 Rca8 21. Bf4 Nc8 22. Rb5 e6 23. Bc7 R8a7 24. Bb8 Rxa4 {Stamenkov,V (2417)-Stanojoski,Z (2455)/Gevgelija 2002/CBM 087 ext/½-½ (42)}) 10... Qa5 11. Be2 b6 12. O-O Nxc3 13. bxc3 e6 14. a4 bxc5 15. Qb5 Bd7 16. Qxc5 Qxc5 17. dxc5 Bxc3 $17 {[%csl Gd5]} 18. Rab1 Rab8 19. Bb5 a6 $1 20. Rfc1 Bf6 21. Bxc6 Bxc6 22. Bd4 $6 (22. Rb6) 22... Bxd4 23. Nxd4 Bxa4 24. f4 Rxb1 25. Rxb1 Rc8 26. Rc1 Bd7 27. Kf2 Kf8 28. g4 a5 29. g5 a4 30. Nf3 Ke7 31. Ne5 Be8 32. Ke3 Rb8 0-1